Credit Agreement Between Republic of Ghana represented by the Ministry of Finance and Raiffeisen Bank international AG.2017 (Record no. 1967)

MARC details
000 -LEADER
fixed length control field 00507nam a2200133Ia 4500
008 - FIXED-LENGTH DATA ELEMENTS--GENERAL INFORMATION
fixed length control field 240429s9999||||xx |||||||||||||| ||und||
041 ## - LANGUAGE CODE
Language code of text/sound track or separate title eng
082 ## - DEWEY DECIMAL CLASSIFICATION NUMBER
Classification number AG/RBIAG/17
100 ## - MAIN ENTRY--PERSONAL NAME
Personal name Parliament of Ghana
245 #0 - TITLE STATEMENT
Title Credit Agreement Between Republic of Ghana represented by the Ministry of Finance and Raiffeisen Bank international AG.2017
650 ## - SUBJECT ADDED ENTRY--TOPICAL TERM
Topical term or geographic name entry element Credit Agreement Between Republic of Ghana represented by the - Ministry of Finance and Raiffeisen Bank international AG
942 ## - ADDED ENTRY ELEMENTS (KOHA)
Koha item type Annual Report
Holdings
Withdrawn status Lost status Damaged status Not for loan Home library Current library Shelving location Date acquired Total checkouts Full call number Date last seen Copy number Price effective from Koha item type
        Main Library Main Library Open Shelves 07/12/2022   AG/RBIAG/17 3886 29/04/2024 1 29/04/2024 Annual Report
©2026  Parliament of Ghana Library - All rights reserved